[Event "Arber Seniors op 6th"]
[Site "Bayerisch Eisenstein"]
[Date "2018.07.28"]
[Round "1"]
[White "Riedl, Maximilian"]
[Black "De Polzer, Manfredi"]
[Result "1-0"]
[WhiteElo "1937"]
[BlackElo "1553"]
[PlyCount "53"]
[EventDate "2018.07.28"]
[EventType "swiss"]
[EventRounds "9"]
[EventCountry "GER"]
[SourceTitle "CBM 185 Extra"]
[Source "ChessBase"]
[SourceDate "2018.07.29"]
[SourceVersion "1"]
[SourceVersionDate "2018.07.29"]
[SourceQuality "1"]

1. e4 e6 2. d4 d5 3. e5 c5 4. c3 a6 5. a3 Nc6 6. Nf3 b5 7. b4 c4 8. a4 Bb7 9. Bg5 Be7 10. Bxe7 Ngxe7 11. Be2 Ng6 12. 0-0 Nf4 13. Re1 Nxe2+ 14. Rxe2 0-0 15. Rea2 Qe7 16. Qe2 Na7 17. Qe1 bxa4 18. Rxa4 Nb5 19. Na3 f6 20. Nxb5 axb5 21. Rxa8 Bxa8 22. h3 f5 23. Ra5 Bc6 24. Qa1 Rb8 25. Ra7 Qe8 26. Qa5 h6 27. Qc7 1-0

[Event "Regensburg Donau Cup 2nd"]
[Site "Regensburg"]
[Date "2018.05.13"]
[Round "7"]
[White "Riedl, Maximilian"]
[Black "Bunk, Wolfgang"]
[Result "0-1"]
[WhiteElo "1857"]
[BlackElo "2013"]
[PlyCount "86"]
[EventDate "2018.05.09"]
[EventType "swiss"]
[EventRounds "7"]
[EventCountry "GER"]
[SourceTitle "CBM 184 Extra"]
[Source "ChessBase"]
[SourceDate "2018.06.28"]
[SourceVersion "1"]
[SourceVersionDate "2018.06.28"]
[SourceQuality "1"]

1. e4 c5 2. d4 cxd4 3. c3 d3 4. Bxd3 Nc6 5. Nf3 g6 6. 0-0 Bg7 7. Nbd2 Nf6 8. Nb3 0-0 9. Bf4 d5 10. exd5 Nxd5 11. Bg3 e5 12. Re1 Nf4 13. Bc2 Qc7 14. h3 b6 15. Be4 Bb7 16. Rc1 Rad8 17. Qc2 f5 18. Bxc6 Bxc6 19. Bxf4 exf4 20. Nbd4 Bd5 21. Ne6 Bxe6 22. Rxe6 Qd7 23. Qb3 Qd5 24. Rce1 Qxb3 25. axb3 Rd7 26. Re7 Rfd8 27. Re8+ Rxe8 28. Rxe8+ Kf7 29. Re2 h6 30. Rd2 Rc7 31. Kf1 Bf6 32. Ke2 g5 33. Kd1 Ke6 34. Kc2 g4 35. Re2+ Kf7 36. Ne1 f3 37. Rd2 Re7 38. Rd1 Re2+ 39. Kd3 Rxf2 40. gxf3 gxh3 41. Nc2 Bg5 42. Rh1 Rd2+ 43. Kc4 Rxc2 0-1

[Event "Regensburg Donau Cup 2nd"]
[Site "Regensburg"]
[Date "2018.05.12"]
[Round "5"]
[White "Riedl, Maximilian"]
[Black "Baumueller, Steffen"]
[Result "1-0"]
[WhiteElo "1857"]
[BlackElo "1546"]
[PlyCount "55"]
[EventDate "2018.05.09"]
[EventType "swiss"]
[EventRounds "7"]
[EventCountry "GER"]
[SourceTitle "CBM 184 Extra"]
[Source "ChessBase"]
[SourceDate "2018.06.28"]
[SourceVersion "1"]
[SourceVersionDate "2018.06.28"]
[SourceQuality "1"]

1. e4 c5 2. d4 cxd4 3. c3 d3 4. Bxd3 Nc6 5. Nf3 d6 6. 0-0 Nf6 7. Qe2 Bg4 8. h3 Bh5 9. Be3 e6 10. Nbd2 Be7 11. Rad1 0-0 12. g4 Bg6 13. Nh4 Nd7 14. Nxg6 hxg6 15. f4 Qc7 16. Nf3 a6 17. Kg2 Nc5 18. Bb1 b5 19. Rh1 Rfd8 20. h4 e5 21. f5 gxf5 22. gxf5 Kf8 23. Ng5 Bxg5 24. hxg5 Ke7 25. f6+ gxf6 26. gxf6+ Kxf6 27. Rdf1+ Ke7 28. Rxf7+ 1-0

[Event "Oberpfalz-ch M1"]
[Site "Bad Koetzting"]
[Date "2018.03.27"]
[Round "8"]
[White "Riedl, Maximilian"]
[Black "Landstorfer, Raphael"]
[Result "1/2-1/2"]
[WhiteElo "2019"]
[BlackElo "1867"]
[PlyCount "118"]
[EventDate "2018.03.24"]
[EventType "swiss"]
[EventRounds "8"]
[EventCountry "GER"]
[SourceTitle "EXT 2020"]
[Source "ChessBase"]
[SourceDate "2019.10.17"]
[SourceVersion "1"]
[SourceVersionDate "2019.10.17"]
[SourceQuality "1"]

1. d4 d5 2. Nf3 Nf6 3. Bg5 e6 4. Nbd2 Be7 5. e3 Nbd7 6. Bd3 c5 7. c3 cxd4 8. exd4 0-0 9. 0-0 Rb8 10. Bf4 Ra8 11. h3 Qb6 12. Qc2 Bd6 13. Bxd6 Qxd6 14. Rfe1 Rb8 15. Ne5 b5 16. a3 a5 17. Ndf3 h6 18. g4 Ba6 19. Nxd7 Nxd7 20. g5 Qf4 21. Qe2 hxg5 22. a4 g4 23. Ne5 Nxe5 24. dxe5 gxh3 25. Qh5 h2+ 26. Kh1 Qh6 27. Qxh6 gxh6 28. Kxh2 Rb6 29. b4 bxa4 30. bxa5 Rc6 31. Bxa6 Rxa6 32. Rxa4 Rfa8 33. Rea1 Rc8 34. R1a3 Rc5 35. f4 Kg7 36. Kg3 Kg6 37. Kf3 Rac6 38. a6 Rxc3+ 39. Rxc3 Rxc3+ 40. Kg4 Rc8 41. a7 Ra8 42. f5+ exf5+ 43. Kf4 d4 44. Ra6+ Kg7 45. Kxf5 d3 46. Ra2 d2 47. Rxd2 Rxa7 48. Rg2+ Kf8 49. Rg1 Ra6 50. Rg2 Ra1 51. Rf2 Rg1 52. Kf6 Rg6+ 53. Kf5 Kg7 54. Re2 Rg5+ 55. Kf4 Kg6 56. e6 fxe6 57. Rxe6+ Kh5 58. Ra6 Rg4+ 59. Kf5 Rg5+ 1/2-1/2

[Event "Oberpfalz-ch M1"]
[Site "Bad Koetzting"]
[Date "2018.03.26"]
[Round "5"]
[White "Riedl, Maximilian"]
[Black "Ziemann, Ulrich"]
[Result "0-1"]
[WhiteElo "2019"]
[BlackElo "1834"]
[PlyCount "96"]
[EventDate "2018.03.24"]
[EventType "swiss"]
[EventRounds "8"]
[EventCountry "GER"]
[SourceTitle "EXT 2020"]
[Source "ChessBase"]
[SourceDate "2019.10.17"]
[SourceVersion "1"]
[SourceVersionDate "2019.10.17"]
[SourceQuality "1"]

1. e4 e5 2. f4 exf4 3. Nf3 Be7 4. Bc4 Nf6 5. Nc3 Nxe4 6. Bxf7+ Kxf7 7. Nxe4 Nc6 8. 0-0 d5 9. Nf2 Rf8 10. d4 Kg8 11. Nd3 g5 12. c3 Bf5 13. Qe2 Bd6 14. Nde5 Qf6 15. Qb5 Ne7 16. g4 Bc8 17. h4 h6 18. hxg5 hxg5 19. Kg2 Kg7 20. Bd2 c6 21. Qd3 Ng6 22. Rh1 Bxe5 23. dxe5 Qe6 24. Rh7+ Kg8 25. Rah1 Qxg4+ 26. Kf1 Bf5 27. Qe2 Be4 28. R7h3 Bxf3 29. Qxf3 Qxf3+ 30. Rxf3 Rae8 31. c4 Nxe5 32. Rfh3 Nxc4 33. Rh8+ Kf7 34. R8h7+ Ke6 35. Bc3 f3 36. Kf2 Ne5 37. Rxb7 Ng4+ 38. Kg3 f2 39. Rf1 Ne3 40. Rxf2 Rxf2 41. Kxf2 Nd1+ 42. Kg3 Nxc3 43. bxc3 Re7 44. Rb8 Kd6 45. Kf3 Kc5 46. Rb4 Re4 47. Rb7 Ra4 48. Ke3 Kc4 0-1

[Event "Prague Holiday K11"]
[Site "Prague"]
[Date "2017.07.20"]
[Round "8"]
[White "Riedl, Maximilian"]
[Black "Ruell, Michael"]
[Result "0-1"]
[WhiteElo "1988"]
[BlackElo "1805"]
[PlyCount "60"]
[EventDate "2017.07.16"]
[EventType "tourn"]
[EventRounds "9"]
[EventCountry "CZE"]
[SourceTitle "EXT 2023"]
[Source "ChessBase"]
[SourceDate "2022.10.05"]
[SourceVersion "1"]
[SourceVersionDate "2022.10.05"]
[SourceQuality "1"]

1. e4 c5 2. Nf3 Nc6 3. Bb5 g6 4. 0-0 Bg7 5. Re1 d6 6. c4 Bd7 7. Nc3 Nf6 8. d3 0-0 9. h3 Kh8 10. Ba4 Ne8 11. Bxc6 bxc6 12. Bd2 Qc8 13. Kh2 f6 14. Ng1 f5 15. f4 e5 16. Qc1 exf4 17. Nf3 Be5 18. Ne2 fxe4 19. dxe4 Qd8 20. Nxe5 dxe5 21. Qc3 Qg5 22. Qf3 Nf6 23. Bc3 h5 24. Rh1 Kg7 25. Rad1 Rad8 26. Rxd7+ Rxd7 27. Rf1 Ng4+ 28. Kg1 Ne3 29. h4 Qxh4 30. Rc1 Rfd8 0-1

[Event "Prague Holiday K11"]
[Site "Prague"]
[Date "2017.07.16"]
[Round "2"]
[White "Riedl, Maximilian"]
[Black "Hibberd, Nigel"]
[Result "1-0"]
[WhiteElo "1988"]
[BlackElo "1866"]
[PlyCount "83"]
[EventDate "2017.07.16"]
[EventType "tourn"]
[EventRounds "9"]
[EventCountry "CZE"]
[SourceTitle "EXT 2023"]
[Source "ChessBase"]
[SourceDate "2022.10.05"]
[SourceVersion "1"]
[SourceVersionDate "2022.10.05"]
[SourceQuality "1"]

1. e4 e6 2. d4 d5 3. e5 c5 4. c3 Nc6 5. Nf3 Qb6 6. a3 Nge7 7. b4 cxd4 8. cxd4 Nf5 9. Bb2 Bd7 10. g4 Nh6 11. h3 Be7 12. Nbd2 0-0 13. Nb3 f6 14. Nc5 Rad8 15. exf6 gxf6 16. Qe2 Bxc5 17. dxc5 Qc7 18. Qd2 Nf7 19. Bxf6 Rde8 20. g5 Nfe5 21. Nxe5 Nxe5 22. Qe3 Ng6 23. h4 e5 24. 0-0-0 Nf4 25. Kb2 Re6 26. Rc1 b5 27. c6 Bxc6 28. Bxb5 d4 29. Qb3 Rf7 30. Bc4 Qd7 31. Bxe6 Nxe6 32. Qc4 Bb7 33. Rhd1 Qd6 34. Qe2 e4 35. Qb5 a6 36. Qe8+ Rf8 37. Qh5 Nf4 38. Qh6 Ne6 39. Bxd4 Bd5 40. g6 Qd7 41. gxh7+ Qxh7 42. Rg1+ 1-0

[Event "Baden Wuerttemberg-ch Seniors op 3rd"]
[Site "Freudenstadt"]
[Date "2017.07.05"]
[Round "6"]
[White "Kannenberg, Karl Heinz"]
[Black "Riedl, Maximilian"]
[Result "1-0"]
[WhiteElo "2209"]
[BlackElo "2008"]
[PlyCount "71"]
[EventDate "2017.06.30"]
[EventType "swiss"]
[EventRounds "9"]
[EventCountry "GER"]
[SourceTitle "EXT 2019"]
[Source "ChessBase"]
[SourceDate "2018.10.10"]
[SourceVersion "1"]
[SourceVersionDate "2018.10.10"]
[SourceQuality "1"]

1. d4 d5 2. Nf3 Nf6 3. c4 e6 4. Nc3 Be7 5. Bf4 0-0 6. e3 c6 7. Qc2 Nbd7 8. a3 Re8 9. Bd3 h6 10. h3 b6 11. cxd5 e5 12. Nxe5 Nxe5 13. Bxe5 Nxd5 14. Nxd5 cxd5 15. 0-0 Bb7 16. Bf5 Bd6 17. Bxd6 Qxd6 18. Rfc1 g6 19. Qc7 Qe7 20. Bd7 Red8 21. Qxb7 Qxd7 22. Rc7 Qf5 23. Rac1 Rdb8 24. Qc6 Kg7 25. Qd7 Qxd7 26. Rxd7 Rc8 27. Rcc7 Rxc7 28. Rxc7 Kf6 29. g4 Ke6 30. Kg2 b5 31. Rc6+ Kd7 32. Rc5 Kd6 33. Rxb5 f5 34. Rb7 f4 35. exf4 Re8 36. Rxa7 1-0

[Event "Baden Wuerttemberg-ch Seniors op 3rd"]
[Site "Freudenstadt"]
[Date "2017.07.03"]
[Round "4"]
[White "Selig, Rainer"]
[Black "Riedl, Maximilian"]
[Result "1-0"]
[WhiteElo "2108"]
[BlackElo "2008"]
[PlyCount "63"]
[EventDate "2017.06.30"]
[EventType "swiss"]
[EventRounds "9"]
[EventCountry "GER"]
[SourceTitle "EXT 2019"]
[Source "ChessBase"]
[SourceDate "2018.10.10"]
[SourceVersion "1"]
[SourceVersionDate "2018.10.10"]
[SourceQuality "1"]

1. d4 Nf6 2. Nf3 d5 3. e3 Bf5 4. Nbd2 e6 5. c4 c6 6. Be2 Nbd7 7. Nh4 Bg6 8. Nxg6 hxg6 9. Nf3 Bd6 10. b3 Ne4 11. Bb2 Qa5+ 12. Kf1 dxc4 13. bxc4 Bg3 14. fxg3 Nxg3+ 15. Kg1 Nxh1 16. Kxh1 Qh5 17. h3 Qh6 18. Qb3 f6 19. Ba3 b6 20. Bd6 g5 21. Ng1 f5 22. Bf3 Rc8 23. Qa4 e5 24. dxe5 Kd8 25. Rd1 g4 26. Bxc6 gxh3 27. gxh3 Qxe3 28. Bg2 Ke8 29. Bc5 Qxc5 30. Qxd7+ Kf8 31. Qxf5+ Kg8 32. Bd5+ 1-0

[Event "Regensburg Donau Cup"]
[Site "Regensburg"]
[Date "2017.05.24"]
[Round "1"]
[White "Riedl, Maximilian"]
[Black "Krupke, Hardi"]
[Result "1/2-1/2"]
[WhiteElo "1945"]
[BlackElo "1602"]
[PlyCount "141"]
[EventDate "2017.05.24"]
[EventType "swiss"]
[EventRounds "7"]
[EventCountry "GER"]
[SourceTitle "CBM 178 Extra"]
[Source "ChessBase"]
[SourceDate "2017.06.22"]
[SourceVersion "1"]
[SourceVersionDate "2017.06.22"]
[SourceQuality "1"]

1. e4 e6 2. d3 d5 3. Nd2 c6 4. Ngf3 Bd6 5. e5 Bc5 6. d4 Bb6 7. Bd3 c5 8. c3 Nc6 9. Bb5 a6 10. Bxc6+ bxc6 11. 0-0 cxd4 12. Nxd4 Ne7 13. Qg4 0-0 14. N2f3 c5 15. Nb3 f6 16. Be3 c4 17. Nbd4 Bxd4 18. Bxd4 f5 19. Qg5 Rb8 20. Rfb1 Nc6 21. Qxd8 Rxd8 22. b4 cxb3 23. Rxb3 Rd7 24. Rxb8 Nxb8 25. Rb1 Rb7 26. Rxb7 Bxb7 27. Ng5 Bc8 28. f4 h6 29. Nf3 a5 30. h3 Nc6 31. Kf2 Ba6 32. a3 Kf7 33. Bc5 Bd3 34. g3 Be4 35. Nd2 g5 36. Bb6 a4 37. Bc5 Na5 38. Nf1 Nc4 39. Bd6 Kg6 40. Bb4 Kh5 41. g4+ Kh4 42. gxf5 Bxf5 43. Be7 Bxh3 44. Nh2 Bg4 45. Nf1 Bh3 46. Ne3 Nxe3 47. Kxe3 Kg4 48. fxg5 hxg5 49. Bf6 Bf1 50. Kf2 Bc4 51. Ke3 Kf5 52. Bg7 g4 53. Bf6 Bf1 54. Kf2 Bd3 55. Kg3 Be2 56. Bg7 Ke4 57. Bf8 Kxe5 58. Kf2 Bf3 59. Ke3 Bd1 60. Bh6 Kf5 61. Bf4 e5 62. Bg3 Bb3 63. Bh2 e4 64. Bg3 Ke6 65. Kd4 Kd7 66. Bf4 Kc6 67. Bg3 Kb5 68. Bf2 Ba2 69. Be3 g3 70. Bg1 Kc6 71. Ke5 1/2-1/2

[Event "Oberpfalz-ch M1"]
[Site "Windischeschenbach"]
[Date "2017.04.10"]
[Round "6"]
[White "Paar, Johannes"]
[Black "Riedl, Maximilian"]
[Result "1-0"]
[WhiteElo "1982"]
[BlackElo "2014"]
[PlyCount "83"]
[EventDate "2017.04.08"]
[EventType "swiss"]
[EventRounds "8"]
[EventCountry "GER"]
[SourceTitle "EXT 2020"]
[Source "ChessBase"]
[SourceDate "2019.10.17"]
[SourceVersion "1"]
[SourceVersionDate "2019.10.17"]
[SourceQuality "1"]

1. Nf3 Nf6 2. g3 g6 3. Bg2 Bg7 4. c4 0-0 5. 0-0 c5 6. Nc3 Nc6 7. d3 a6 8. a3 d6 9. Rb1 a5 10. b3 Ra6 11. Re1 e6 12. e4 Nd7 13. Bb2 e5 14. Nd5 Nf6 15. Nxf6+ Bxf6 16. Nd2 Bg7 17. f4 f6 18. Nf1 Bd7 19. Ne3 Nd4 20. Rf1 b5 21. Nd5 b4 22. Bxd4 exd4 23. a4 Be6 24. Rb2 Re8 25. Re1 Ra7 26. Kf2 Bxd5 27. cxd5 f5 28. Rbe2 fxe4 29. Rxe4 Rae7 30. Qf3 c4 31. dxc4 Rxe4 32. Rxe4 Rf8 33. Bh3 g5 34. Be6+ Kh8 35. f5 Qf6 36. Qd3 h5 37. g4 hxg4 38. Rxg4 Qh6 39. Kg2 Be5 40. h3 Qf6 41. h4 Bf4 42. hxg5 1-0

[Event "Bayern-ch"]
[Site "Bad Griesbach"]
[Date "2016.08.26"]
[Round "8"]
[White "Basener, Winfried"]
[Black "Riedl, Maximilian"]
[Result "1-0"]
[WhiteElo "2115"]
[BlackElo "2038"]
[PlyCount "71"]
[EventDate "2016.08.21"]
[EventType "swiss"]
[EventRounds "9"]
[EventCountry "GER"]
[SourceTitle "EXT 2022"]
[Source "ChessBase"]
[SourceDate "2021.10.06"]
[SourceVersion "1"]
[SourceVersionDate "2021.10.06"]
[SourceQuality "1"]

1. Nf3 d5 2. d4 Nf6 3. c4 e6 4. Nc3 Be7 5. Bg5 0-0 6. e3 h6 7. Bh4 Ne4 8. Bxe7 Qxe7 9. Bd3 Nxc3 10. bxc3 dxc4 11. Bxc4 Nc6 12. 0-0 e5 13. Bd5 Bg4 14. h3 Bxf3 15. Qxf3 exd4 16. cxd4 Nb4 17. Bxb7 Rab8 18. Be4 Rfe8 19. a3 Qxe4 20. Qxe4 Rxe4 21. axb4 Rxb4 22. Rxa7 Rc4 23. Rb1 Re8 24. Rbb7 Rc1+ 25. Kh2 Rc8 26. d5 Rc5 27. d6 cxd6 28. Rxf7 Rg5 29. h4 Rg6 30. h5 Rg5 31. f4 Rxh5+ 32. Kg3 g5 33. Rg7+ Kh8 34. f5 Re8 35. f6 Rxe3+ 36. Kf2 1-0

[Event "Bayern-ch"]
[Site "Bad Griesbach"]
[Date "2016.08.22"]
[Round "3"]
[White "Riedl, Maximilian"]
[Black "Straub, Juergen"]
[Result "1-0"]
[WhiteElo "2038"]
[BlackElo "2203"]
[PlyCount "83"]
[EventDate "2016.08.21"]
[EventType "swiss"]
[EventRounds "9"]
[EventCountry "GER"]
[SourceTitle "EXT 2022"]
[Source "ChessBase"]
[SourceDate "2021.10.06"]
[SourceVersion "1"]
[SourceVersionDate "2021.10.06"]
[SourceQuality "1"]

1. d4 Nf6 2. Nd2 d5 3. e3 g6 4. Ngf3 Bg7 5. Be2 0-0 6. 0-0 b6 7. b4 c5 8. c3 Nbd7 9. Bb2 Bb7 10. bxc5 bxc5 11. c4 Rb8 12. Qc2 Ba6 13. Rfe1 cxd4 14. Bxd4 Qc7 15. Qa4 Qb7 16. Qa3 dxc4 17. Qxe7 Rfe8 18. Qa3 Rec8 19. Rab1 Nb6 20. Qa5 Nfd7 21. h3 Bxd4 22. Nxd4 Rc5 23. Qa3 Re8 24. Bf3 Qc8 25. Ne4 Rxe4 26. Bxe4 Ne5 27. Red1 f5 28. Bc2 Nf7 29. Ne6 Re5 30. Nf4 Rc5 31. h4 Rc6 32. Ba4 Nxa4 33. Qxa4 Nd6 34. Nd5 Kf7 35. a3 Qe6 36. Nb4 Nb5 37. Nxc6 Qxc6 38. Rxb5 Bxb5 39. Qxa7+ Ke6 40. Qxh7 Kf6 41. Qh8+ Kf7 42. Rd8 1-0

[Event "Arber op Seniors 4th"]
[Site "Bodenmais"]
[Date "2016.08.05"]
[Round "7"]
[White "Pechan, Willi"]
[Black "Riedl, Maximilian"]
[Result "0-1"]
[WhiteElo "1768"]
[BlackElo "2022"]
[PlyCount "88"]
[EventDate "2016.07.30"]
[EventType "swiss"]
[EventRounds "9"]
[EventCountry "GER"]
[SourceTitle "EXT 2017"]
[Source "ChessBase"]
[SourceDate "2016.10.25"]
[SourceVersion "1"]
[SourceVersionDate "2016.10.25"]
[SourceQuality "1"]

1. e4 c5 2. c3 g6 3. d4 cxd4 4. cxd4 Bg7 5. Nf3 d6 6. Bc4 Nf6 7. Nc3 0-0 8. 0-0 Nxe4 9. Bd5 Nxc3 10. bxc3 e6 11. Bb3 b6 12. Bg5 Qc7 13. Qd2 Bb7 14. Qe3 Nd7 15. Rac1 Nf6 16. h3 Nd5 17. Qe1 h6 18. Bd2 Ne7 19. Qe2 g5 20. Rfe1 Rae8 21. Bc2 Ng6 22. Nh2 Qc6 23. Be4 Qxe4 24. Qxe4 Bxe4 25. Rxe4 d5 26. Ree1 Rc8 27. Nf3 Rc6 28. Rb1 Rfc8 29. g3 Rc4 30. Rb2 Ne7 31. g4 Nc6 32. Kf1 Na5 33. Ke2 R4c7 34. Rc2 Nc4 35. Rec1 Bf8 36. Kd3 Bd6 37. Re1 Re8 38. Re2 f6 39. Bc1 e5 40. dxe5 fxe5 41. Nd2 e4+ 42. Kd4 b5 43. Nxc4 Rxc4+ 44. Kxd5 Bc7 0-1

[Event "Arber op Seniors 4th"]
[Site "Bodenmais"]
[Date "2016.08.04"]
[Round "6"]
[White "Riedl, Maximilian"]
[Black "Zerweck, Christoph"]
[Result "0-1"]
[WhiteElo "2022"]
[BlackElo "1902"]
[PlyCount "134"]
[EventDate "2016.07.30"]
[EventType "swiss"]
[EventRounds "9"]
[EventCountry "GER"]
[SourceTitle "EXT 2017"]
[Source "ChessBase"]
[SourceDate "2016.10.25"]
[SourceVersion "1"]
[SourceVersionDate "2016.10.25"]
[SourceQuality "1"]

1. Nf3 d5 2. d4 Nf6 3. e3 e6 4. Bd3 c5 5. c3 Nc6 6. 0-0 Bd6 7. Nbd2 0-0 8. dxc5 Bxc5 9. e4 Qc7 10. exd5 exd5 11. Nb3 Bb6 12. Bg5 Ne4 13. Bh4 Bg4 14. Be2 Qd6 15. Nfd4 Bd7 16. Bg3 Nxg3 17. hxg3 Qf6 18. Bf3 Qg5 19. Qc1 Qxc1 20. Raxc1 Be6 21. Rfe1 Rfe8 22. Rcd1 Rad8 23. Rd2 Re7 24. Rde2 Nxd4 25. cxd4 Rc7 26. Bg4 f5 27. Rxe6 fxg4 28. Re8+ Rxe8 29. Rxe8+ Kf7 30. Re2 Rc4 31. Re5 Rc2 32. Rxd5 Rxb2 33. Rd7+ Kf6 34. Rxb7 Rxa2 35. Nc5 Kg6 36. Kf1 Rd2 37. Ne6 Kf6 38. Nxg7 Rxd4 39. f4 Rd1+ 40. Ke2 Rg1 41. Ne8+ Kg6 42. Rg7+ Kh6 43. Rxg4 Rxg2+ 44. Kf3 Rf2+ 45. Ke4 Re2+ 46. Kf5 Rxe8 47. Kf6 Rf8+ 48. Ke5 Bc5 49. Ke6 a5 50. Rh4+ Kg6 51. Rg4+ Kh6 52. Rh4+ Kg7 53. Rg4+ Kh8 54. f5 h6 55. f6 Bb4 56. f7 Kh7 57. Rh4 Kg6 58. Rg4+ Kh5 59. Re4 Kg5 60. Rd4 h5 61. Rf4 Kg6 62. Rf6+ Kg5 63. Rf4 Ra8 64. Kd5 Bf8 65. Ke4 a4 66. Rf2 a3 67. Ra2 Kg4 0-1

[Event "Arber op Seniors 4th"]
[Site "Bodenmais"]
[Date "2016.07.30"]
[Round "1"]
[White "Boehm, Manfred"]
[Black "Riedl, Maximilian"]
[Result "0-1"]
[WhiteElo "1715"]
[BlackElo "2022"]
[PlyCount "124"]
[EventDate "2016.07.30"]
[EventType "swiss"]
[EventRounds "9"]
[EventCountry "GER"]
[SourceTitle "EXT 2017"]
[Source "ChessBase"]
[SourceDate "2016.10.25"]
[SourceVersion "1"]
[SourceVersionDate "2016.10.25"]
[SourceQuality "1"]

1. e4 c5 2. Nf3 Nf6 3. Nc3 Nc6 4. d4 d5 5. e5 Ne4 6. Bb5 Nxc3 7. bxc3 Qa5 8. Bxc6+ bxc6 9. Bd2 Qa6 10. Be3 e6 11. dxc5 Qc4 12. Qd4 Ba6 13. Qxc4 Bxc4 14. Kd2 Be7 15. Rhb1 Ba6 16. Ne1 Kd7 17. Nd3 Rhb8 18. a4 Rxb1 19. Rxb1 Kc7 20. f4 Rb8 21. Rxb8 Kxb8 22. g3 Kb7 23. Kc1 Bd8 24. Kb2 Bc4 25. Ka3 Ba5 26. Bd4 Bd8 27. Nb2 Be2 28. Kb3 g5 29. Be3 gxf4 30. Bxf4 Be7 31. Be3 f6 32. exf6 Bxf6 33. Nd3 e5 34. Kb4 Bd1 35. Kb3 Bh5 36. Kb4 Bf7 37. Ne1 Bg6 38. Nd3 Bf5 39. Ne1 Be6 40. Nd3 Bg8 41. Ne1 Bf7 42. Nd3 e4 43. Nc1 a5+ 44. Ka3 Bxc3 45. Nb3 Bh5 46. Nd4 Bb4+ 47. Kb3 Bxc5 48. Kc3 Bb4+ 49. Kb3 c5 50. Ne6 d4 51. Nxd4 Bf7+ 52. Kb2 cxd4 53. Bxd4 Bd2 54. c3 Bg5 55. h4 Bd8 56. Kc2 Bb6 57. Kd2 Bxd4 58. cxd4 h5 59. Ke3 Bg6 60. Kf4 Kc6 61. g4 hxg4 62. Kxg4 Kd5 0-1

[Event "Prague Holiday M11"]
[Site "Prague"]
[Date "2016.07.17"]
[Round "1"]
[White "Riedl, Maximilian"]
[Black "Hanl, Frantisek"]
[Result "1/2-1/2"]
[WhiteElo "2022"]
[BlackElo "2079"]
[PlyCount "85"]
[EventDate "2016.07.17"]
[EventType "tourn"]
[EventRounds "9"]
[EventCountry "CZE"]
[SourceTitle "EXT 2023"]
[Source "ChessBase"]
[SourceDate "2022.10.05"]
[SourceVersion "1"]
[SourceVersionDate "2022.10.05"]
[SourceQuality "1"]

1. d4 c5 2. e3 cxd4 3. exd4 d5 4. Nf3 Nc6 5. c3 Nf6 6. Bd3 g6 7. 0-0 Bg7 8. Nbd2 0-0 9. Re1 Nh5 10. Nf1 Qd6 11. Ng3 Nf4 12. Bc2 Qf6 13. Ne5 h5 14. Nxc6 bxc6 15. Bxf4 Qxf4 16. Rxe7 h4 17. Nf1 Be6 18. Rb7 Bh6 19. Qf3 Qg5 20. Ne3 f5 21. h3 Rfe8 22. Rf1 Bc8 23. Rc7 Re6 24. Ba4 Qf6 25. Rxc6 Bxe3 26. fxe3 Bb7 27. Rxe6 Qxe6 28. c4 Qa6 29. Bb5 Qxa2 30. c5 Qxb2 31. Qe2 Qc3 32. Qd3 Qxd3 33. Bxd3 Bc6 34. Ba6 Rb8 35. Ra1 Kf7 36. Be2 Rb7 37. Ra6 Rc7 38. Kf2 Bd7 39. Bf3 Be6 40. Rd6 Ke7 41. Bxd5 Bxd5 42. Rxd5 a5 43. Rd6 1/2-1/2

[Event "Nittenau-ch op 15th"]
[Site "Nittenau"]
[Date "2015.09.20"]
[Round "4"]
[White "Riedl, Maximilian"]
[Black "Gleis, Wolfgang"]
[Result "1-0"]
[WhiteElo "1996"]
[BlackElo "1581"]
[PlyCount "33"]
[EventDate "2015.09.18"]
[EventType "swiss"]
[EventRounds "5"]
[EventCountry "GER"]
[SourceTitle "EXT 2017"]
[Source "ChessBase"]
[SourceDate "2016.10.25"]
[SourceVersion "1"]
[SourceVersionDate "2016.10.25"]
[SourceQuality "1"]

1. e4 Nf6 2. d3 d6 3. Nf3 g6 4. g3 Bg7 5. Bg2 0-0 6. 0-0 e5 7. h3 Nc6 8. c3 Ne8 9. Be3 f5 10. Qc1 fxe4 11. dxe4 Bxh3 12. Bxh3 Rxf3 13. Qd1 Rf8 14. Qb3+ Kh8 15. Qxb7 Na5 16. Qa6 c5 17. b4 1-0

[Event "Arber op Seniors 3rd"]
[Site "Bayerisch Eisenstein"]
[Date "2015.08.09"]
[Round "9"]
[White "Riedl, Maximilian"]
[Black "Titz, Waldemar"]
[Result "1/2-1/2"]
[WhiteElo "2019"]
[BlackElo "1701"]
[PlyCount "34"]
[EventDate "2015.08.01"]
[EventType "swiss"]
[EventRounds "9"]
[EventCountry "GER"]
[SourceTitle "EXT 2016"]
[Source "ChessBase"]
[SourceDate "2015.10.08"]
[SourceVersion "1"]
[SourceVersionDate "2015.10.08"]
[SourceQuality "1"]

1. e4 e5 2. Nf3 d6 3. d4 exd4 4. Nxd4 Nf6 5. Nc3 Be7 6. Be2 0-0 7. 0-0 c6 8. Be3 Nbd7 9. f4 Nc5 10. Bf3 Ne6 11. Nf5 Re8 12. g4 Nf8 13. g5 Bxf5 14. gxf6 Bxf6 15. Qd3 Qe7 16. exf5 Qxe3+ 17. Qxe3 Rxe3 1/2-1/2

[Event "Arber op Seniors 3rd"]
[Site "Bayerisch Eisenstein"]
[Date "2015.08.06"]
[Round "6"]
[White "Haase, Georg"]
[Black "Riedl, Maximilian"]
[Result "1/2-1/2"]
[WhiteElo "1860"]
[BlackElo "2019"]
[PlyCount "137"]
[EventDate "2015.08.01"]
[EventType "swiss"]
[EventRounds "9"]
[EventCountry "GER"]
[SourceTitle "EXT 2016"]
[Source "ChessBase"]
[SourceDate "2015.10.08"]
[SourceVersion "1"]
[SourceVersionDate "2015.10.08"]
[SourceQuality "1"]

1. e4 e5 2. Nf3 Nf6 3. Nxe5 d6 4. Nf3 Nxe4 5. Qe2 Qe7 6. d3 Nf6 7. Bg5 Qxe2+ 8. Bxe2 Be7 9. Nc3 Bd7 10. 0-0-0 0-0 11. Rhe1 c6 12. Ne4 Re8 13. Nxf6+ Bxf6 14. Bxf6 gxf6 15. d4 Be6 16. Bd3 Nd7 17. Re3 Nf8 18. Rde1 Bd7 19. Nh4 Rxe3 20. Rxe3 Ng6 21. Nxg6 hxg6 22. Re7 Rd8 23. a3 Kf8 24. Re3 Re8 25. Kd2 Be6 26. h4 b6 27. f4 f5 28. Be2 Kg7 29. Bf3 Bd7 30. Rxe8 Bxe8 31. b4 f6 32. c4 c5 33. bxc5 bxc5 34. dxc5 dxc5 35. Ke3 Bd7 36. Bd5 Ba4 37. Be6 Bd1 38. Bd5 Kh6 39. Kf2 g5 40. g3 Bc2 41. hxg5+ fxg5 42. Kf3 Kg6 43. Ke3 Kf6 44. Bb7 Ba4 45. Bd5 Bd7 46. Bg8 Bc6 47. Kd3 Bd7 48. Bd5 Ba4 49. Bf3 Be8 50. Bd5 Ba4 51. Kd2 Bd7 52. Kc3 Kg6 53. Kd2 Kh5 54. Ke3 gxf4+ 55. gxf4 Kh4 56. Bf7 Ba4 57. Kf3 Bc6+ 58. Kf2 Bb7 59. Bg8 Kh5 60. Ke3 Kg6 61. Bd5 Bc8 62. Kd3 Kf6 63. Bf3 Ke7 64. Bg2 Be6 65. Bf3 Kd6 66. Kc3 Bd7 67. Kb3 Kc7 68. Bd5 Kd6 69. Kc3 1/2-1/2